| 000 | 00521nam a22001937a 4500 | ||
|---|---|---|---|
| 003 | OSt | ||
| 005 | 20160330135750.0 | ||
| 008 | 160330b xxu||||| |||| 00| 0 eng d | ||
| 020 | _a9970021575 | ||
| 040 | _c040a | ||
| 082 |
_a303.6 _bKAS 1994 |
||
| 100 |
_aKasozi, A.B.K _97462 |
||
| 245 |
_aThe soial origins of violence in Uganda , _cA.B. K Kasozi |
||
| 260 |
_aKampala _bFountain publishers _c1994 |
||
| 300 |
_aiii, 347p; _bill : _c12 cm |
||
| 504 | _aIncludes index | ||
| 650 |
_aViolence _97463 |
||
| 942 |
_2ddc _cSLOAN |
||
| 999 |
_c3334 _d3334 |
||